Scrambled “N” Words - Statistics

General Stats
  • This quiz has been taken 50 times
  • The average score is 18 of 30
Answer Stats
Hint Answer % Correct
piankn napkin
100%
aauens nausea
85%
engtmu nutmeg
85%
whpeen nephew
83%
ilgtcunhb nightclub
80%
celetng neglect
78%
nldoeo noodle
78%
eennetin nineteen
75%
enrtokw network
70%
tkeonoob notebook
70%
ukcrtnacer nutcracker
68%
lnekccea necklace
65%
otrnuen neutron
65%
bwennro newborn
63%
ksneaaem namesake
60%
inseesm nemesis
58%
sitlonr nostril
58%
oowemrsn newsroom
55%
aenesrysc necessary
53%
rtisnioutu nutritious
53%
dlunoe nodule
50%
ouritoons notorious
50%
etiunrtn nutrient
50%
cnlgnegeie negligence
45%
onuaisrfe nefarious
43%
nahotnanlc nonchalant
38%
goyenuolr neurology
35%
behlyonirg neighborly
33%
macnileur numerical
30%
ngaesaniut nauseating
25%
No matching quizzes found
Score Distribution
Percent of People with Each Score
Percentile by Number Answered
Your Score History
You have not taken this quiz